| 000 | 00971nam a22003135a 4500 | ||
|---|---|---|---|
| 006 | a||||fr|||| 00| 0 | ||
| 007 | ta | ||
| 008 | 110706t2003 maua|||frb||| 001 0 eng d | ||
| 010 | _a 2002018311 | ||
| 020 | _a0321116380 | ||
| 020 | _a9780321116383 | ||
| 040 |
_aEG-ScBUE _beng _cEG-ScBUE |
||
| 082 | 0 | 4 |
_a658.15 _bGIT |
| 100 | 1 |
_aGitman, Lawrence J. _926175 |
|
| 245 | 1 | 0 |
_aPrinciples of Managerial Finance / _cLawrence J. Gitman. |
| 250 | _a10th ed. | ||
| 260 |
_aBoston : _bAddison-Wesley Pub., _cc2003. |
||
| 300 |
_a1 v. (various pagings). : _bcol. ill. ; _c26 cm. + _e1 CD-ROM (4 3/4 in.) |
||
| 500 | _aIndex . | ||
| 500 | _aGlossary. | ||
| 500 | _aAppendix . | ||
| 504 | _aIncludes bibliographical references. | ||
| 590 | _aMenna Elemam | ||
| 650 | 0 |
_aCorporations-- _xFinance. _926176 _2BUEsh |
|
| 650 | 0 |
_aBusiness enterprises-- _xFinance. _926177 _2BUEsh |
|
| 651 | _2BUEsh | ||
| 653 |
_bBUSADM _cAugust2015 |
||
| 942 |
_cBB _k658.15 GIT _2ddc |
||
| 999 |
_c9005 _d9005 |
||